Development and democracy : (Record no. 6516)

MARC details
000 -LEADER
fixed length control field 01216cam a22003134a 4500
001 - CONTROL NUMBER
control field 12507636
003 - CONTROL NUMBER IDENTIFIER
control field OSt
005 - DATE AND TIME OF LATEST TRANSACTION
control field 20200129115136.0
008 - FIXED-LENGTH DATA ELEMENTS--GENERAL INFORMATION
fixed length control field 010820s2002 nyu b 001 0 eng
010 ## - LIBRARY OF CONGRESS CONTROL NUMBER
LC control number 2001048417
020 ## - INTERNATIONAL STANDARD BOOK NUMBER
International Standard Book Number 0415252954
040 ## - CATALOGING SOURCE
Original cataloging agency DLC
Transcribing agency DLC
Modifying agency DLC
042 ## - AUTHENTICATION CODE
Authentication code pcc
082 00 - DEWEY DECIMAL CLASSIFICATION NUMBER
Classification number 321.8
Edition number 21
Item number DEV 2002
245 00 - TITLE STATEMENT
Title Development and democracy :
Remainder of title what have we learned and how? /
Statement of responsibility, etc. edited by Ole Elgström and Goran Hyden.
260 ## - PUBLICATION, DISTRIBUTION, ETC. (IMPRINT)
Place of publication, distribution, etc. London ;
-- New York :
Name of publisher, distributor, etc. Routledge,
Date of publication, distribution, etc. 2002.
300 ## - PHYSICAL DESCRIPTION
Extent xix, 217 p. ;
Dimensions 24 cm.
440 #0 - SERIES STATEMENT/ADDED ENTRY--TITLE
Title Routledge/ECPR studies in European political science
9 (RLIN) 13380
504 ## - BIBLIOGRAPHY, ETC. NOTE
Bibliography, etc Includes bibliographical references and index.
650 #0 - SUBJECT ADDED ENTRY--TOPICAL TERM
Topical term or geographic name as entry element Democracy.
9 (RLIN) 1184
650 #0 - SUBJECT ADDED ENTRY--TOPICAL TERM
Topical term or geographic name as entry element Economic development
General subdivision Political aspects.
9 (RLIN) 7123
650 #0 - SUBJECT ADDED ENTRY--TOPICAL TERM
Topical term or geographic name as entry element Comparative government.
9 (RLIN) 7296
700 1# - ADDED ENTRY--PERSONAL NAME
Personal name Elgström, Ole,
Dates associated with a name 1950-
9 (RLIN) 13381
700 1# - ADDED ENTRY--PERSONAL NAME
Personal name Hydén, Göran,
Dates associated with a name 1938-
9 (RLIN) 13382
856 42 - ELECTRONIC LOCATION AND ACCESS
Materials specified Publisher description
Uniform Resource Identifier <a href="http://www.loc.gov/catdir/enhancements/fy0650/2001048417-d.html">http://www.loc.gov/catdir/enhancements/fy0650/2001048417-d.html</a>
906 ## - LOCAL DATA ELEMENT F, LDF (RLIN)
a 7
b cbc
c orignew
d 1
e ocip
f 20
g y-gencatlg
942 ## - ADDED ENTRY ELEMENTS (KOHA)
Source of classification or shelving scheme Dewey Decimal Classification
Koha item type Open Shelf
Holdings
Withdrawn status Lost status Source of classification or shelving scheme Damaged status Not for loan Home library Current library Date acquired Source of acquisition Inventory number Total Checkouts Full call number Barcode Date last seen Price effective from Koha item type
    Dewey Decimal Classification     MUST Main Library MUST Main Library 29/01/2020 Purchase 2011/34444   321.8 DEV 2002 2020-0215 29/01/2020 29/01/2020 Open Shelf
    Dewey Decimal Classification     MUST Main Library MUST Main Library 29/01/2020 Donation 2011/34445   321.8 DEV 2002 2020-0230 29/01/2020 29/01/2020 Open Shelf